| 000 | 01280nam a2200337 c 4500 | ||
|---|---|---|---|
| 999 |
_c168433 _d168433 |
||
| 003 | BLK | ||
| 005 | 20230802113100.0 | ||
| 008 | 180411b bul|||||r ||||||| ||bul|| | ||
| 010 | _aKNG00176327000 | ||
| 040 | _aBLK | ||
| 041 |
_aBUL _cBUL |
||
| 080 |
_aБългарска литература _b821.163.2 _x-311.6 _z821.163.2-311.6 |
||
| 100 |
_aКарапетров, Петър Константинов _d1900-1980 _9302884 |
||
| 139 |
_aКарапетров, Петър Константинов _bК 35 |
||
| 245 | 1 | 0 |
_aИсперих _bИст. роман _cПетър Константинов Карапетров. |
| 257 | _aBGR | ||
| 260 |
_bБълг. писател _c1980 _fВ. Търново : печ. Д. Найденов _aСофия |
||
| 300 |
_a200 с. _bс портр. _c21 см |
||
| 380 | _aX | ||
| 500 | _a5 113 тир. | ||
| 600 | 1 | 4 |
_aАспарух, хан _9245152 |
| 653 | _aхан Аспарух | ||
| 653 | _aисторически романи | ||
| 852 | _aЦб 104532 | ||
| 856 | 4 |
_qpdf _i0.00 _ldisable |
|
| 856 | 4 |
_qpdf _i0.00 _ldisable |
|
| 942 |
_cKNG _n0 _01 _s1 |
||
| 944 |
_aCR _c03.06.2015 _lТеодора Пейчева-Дянкова _k30556 |
||
| 944 |
_aED _c18.09.2017 _lф / _kХристина_Везирева |
||
| 999 | _d168433 | ||